[Event "Swidnica op"]
[Site "Swidnica"]
[Date "1999.06.30"]
[Round "3"]
[White "Grabarczyk, Miroslaw"]
[Black "Moiseenko, Alexander"]
[Result "1/2-1/2"]
[WhiteElo "2462"]
[BlackElo "2428"]

1.d4 Nf6 2.c4 e6 3.Nf3 Bb4+ 4.Bd2 Qe7 5.g3 Bxd2+ 6.Qxd2 O-O 7.Bg2 d6 8.Nc3 e5
9.O-O Bg4 10.dxe5 dxe5 11.Nd5 Nxd5 12.cxd5 Bxf3 13.Bxf3 e4 14.Bg2 Nd7 15.Rad1 Nf6
16.d6 cxd6 17.Qxd6 Qxd6 18.Rxd6 Rfd8 19.Rfd1 Rxd6 20.Rxd6 Rc8 21.Bh3 Rc1+
22.Kg2 Kf8 23.Rd8+ Ke7 24.Rb8 Rc7 25.Bc8 b6 26.Ba6 h5 27.Bb5 g6 28.h3 Nd7
29.Ra8 Ne5 30.b4 Kd6 31.Rd8+ Ke7 32.Re8+ Kd6 33.a4 Kd5 34.Rd8+ Ke6 35.Rd4 f5
36.Rd8 Nc6 37.Re8+ Ne7 38.h4 Rc8 39.f3 Rxe8 40.Bxe8 Kf6 41.a5 Nd5 42.axb6 axb6
43.b5 Ne3+ 44.Kf2 Nc4 45.fxe4  1/2-1/2

[Event "EUCup99 (Women)"]
[Site "Nova Gorica"]
[Date "1999.07.04"]
[Round "6"]
[White "Khusnutdinova, Luiza"]
[Black "Olarasu, Gabriela"]
[Result "0-1"]
[WhiteElo "2171"]
[BlackElo "2333"]

1.d4 Nf6 2.Nf3 e6 3.c4 Bb4+ 4.Bd2 Qe7 5.a3 Bxd2+ 6.Nbxd2 d6 7.e4 e5 8.d5 O-O
9.g3 a5 10.b4 c6 11.Bg2 axb4 12.axb4 Rxa1 13.Qxa1 b5 14.dxc6 Nxc6 15.cxb5 Nxb4
16.O-O Nd3 17.Qc3 Nc5 18.Rc1 Re8 19.Ne1 Bb7 20.f3 Rc8 21.Bh3 Ne6 22.Qb2 Rxc1
23.Qxc1 Nd4 24.Qc4 d5 25.exd5 Nxd5 26.Ne4 Qa3 27.Nf2 Qe3 28.Qf1 Nc3 29.Bg2 Ncxb5
30.f4 Ba6 31.Kh1 Nc7 32.Ned3 exf4 33.gxf4 g6 34.Qc1 Qxc1+ 35.Nxc1 f5 36.Nfd3 Kg7
37.Ne5 Bc4 38.Kg1 Nce6 39.Ned3 Bxd3 40.Nxd3 Ne2+ 41.Kf2 N2xf4 42.Nxf4 Nxf4
43.Bf1 g5 44.Kf3 Kf6 45.Bb5 Ke5 46.Be8 Nd5 47.Kg3 Nf6  0-1

[Event "Politiken Cup"]
[Site "Copenhagen"]
[Date "1999.07.06"]
[Round "4"]
[White "Jorgensen, Michael"]
[Black "Preuss, Flemming"]
[Result "1-0"]
[WhiteElo "2274"]
[BlackElo "2078"]

1.d4 Nf6 2.c4 e6 3.Nf3 Bb4+ 4.Bd2 Qe7 5.g3 Nc6 6.Bg2 O-O 7.O-O Bxd2 8.Qxd2 d6
9.Nc3 e5 10.h3 h6 11.e4 a5 12.Rfe1 Re8 13.b3 Kh7 14.Rad1 g6 15.Re3 Kg7 16.Nd5 Qd8
17.dxe5 dxe5 18.Qe2 Nd7 19.Qb2 f6 20.Rd2 Nb4 21.a3 Nxd5 22.cxd5 Ra6 23.Rc2 c6
24.Rec3 Nb8 25.Bf1 Ra8 26.Nd2 Bd7 27.Nc4 Re7 28.Ne3 Kh7 29.Rd2 Rg7 30.Rc1 Qe7
31.Nc4 Na6 32.Nb6 Rd8 33.Bxa6 bxa6 34.dxc6 Bxh3 35.c7 Rxd2 36.Qxd2 Qxa3 37.c8=Q Bxc8
38.Rxc8 Qxb3 39.Nd5 Rf7 40.Qxa5 Qb1+ 41.Kh2 Qf1 42.Nxf6+ Kg7 43.Rg8+ Kxf6
44.Qb6+  1-0

[Event "Arthur Dake Int"]
[Site "San Francisco"]
[Date "1999.07.12"]
[Round "2"]
[White "Kraai, Jesse"]
[Black "Lobo, Richard"]
[Result "1-0"]
[WhiteElo "2412"]
[BlackElo "2310"]

1.d4 Nf6 2.c4 e6 3.Nf3 Bb4+ 4.Bd2 Qe7 5.g3 Nc6 6.Nc3 Bxc3 7.Bxc3 Ne4 8.Qc2 Nxc3
9.Qxc3 O-O 10.Bg2 d6 11.d5 Nb8 12.O-O e5 13.c5 Na6 14.b4 dxc5 15.b5 Nb8 16.Nxe5 Nd7
17.Nd3 a6 18.a4 axb5 19.axb5 Rxa1 20.Rxa1 Qxe2 21.Re1 Qh5 22.Nxc5 Nf6 23.Bf3 Bg4
24.Re5 Qg6 25.Kg2 Bxf3+ 26.Qxf3 Qb1 27.Qe2 h5 28.Ne4 Nxe4 29.Rxe4 g6 30.Qc4 Rd8
31.Re7 Qf5 32.Rxc7 Rxd5 33.Rxb7 Rd2 34.Rb8+ Kh7 35.Qf4 Qxf4 36.gxf4 Kg7 37.Re8 Rb2
38.Re5 Rb3 39.h4 Kf6 40.Rg5 Kg7 41.f5 Kf6 42.fxg6 fxg6 43.f3 Rb4 44.Kg3 Kf7
45.Rc5 Kg7 46.Rc7+ Kf6 47.Rb7 Ke6 48.b6 Kf6 49.Rb8 Kg7 50.b7 Kh7 51.Kf2 Rb3
52.Ke2 Kg7 53.Kd2 Rb4 54.Kc3 Rb6 55.f4 Rb1 56.Kd2 Rb3 57.Ke2 Kh7 58.Kd1 Kg7
59.Kd2 Kh7 60.Kc2 Rb6 61.Kd3 Kg7 62.Ke4 Rb4+ 63.Ke5 Rb5+ 64.Kd6 Rb1 65.Re8 Rxb7
66.Re7+ Rxe7 67.Kxe7  1-0

[Event "Komercni Banka op"]
[Site "Pardubice"]
[Date "1999.07.16"]
[Round "1"]
[White "Polak, Tomas"]
[Black "Peek, MBM."]
[Result "1-0"]
[WhiteElo "2488"]
[BlackElo "2288"]

1.d4 Nf6 2.c4 e6 3.Nf3 Bb4+ 4.Bd2 Qe7 5.a3 Bxd2+ 6.Qxd2 d6 7.Nc3 O-O 8.g3 e5
9.Bg2 Bg4 10.O-O Nc6 11.e3 Rfe8 12.h3 Bh5 13.Nh4 e4 14.g4 Bxg4 15.hxg4 Nxg4
16.Nf5 Qg5 17.f3 exf3 18.Rxf3 g6 19.Ng3 Ne7 20.Nge4 Qh6 21.Bh3 f5 22.Bxg4 fxg4
23.Rf2 Rf8 24.Nf6+ Rxf6 25.Rxf6 Nf5 26.Nd5 Re8 27.Qh2 Qg5 28.Qf4 Qh4 29.Rxf5 gxf5
30.Kg2 Qh3+ 31.Kf2 Kh8 32.Rf1 c6 33.Nc3 Kg8 34.Qg3 Qh6 35.Ne2 Qe6 36.Qf4 Rf8
37.b3 b5 38.Rh1 bxc4 39.bxc4 Rf7 40.Rh6 Rf6 41.Rxf6 Qxf6 42.Ng3  1-0

[Event "Bydgoszcz Bank Pocztowy op"]
[Site "Bydgoszcz"]
[Date "1999.07.18"]
[Round "7"]
[White "Grabarczyk, Miroslaw"]
[Black "Moiseenko, Alexander"]
[Result "1-0"]
[WhiteElo "2484"]
[BlackElo "2501"]

1.d4 Nf6 2.c4 e6 3.Nf3 Bb4+ 4.Bd2 Qe7 5.g3 Bxd2+ 6.Qxd2 O-O 7.Bg2 d6 8.O-O e5
9.Nc3 Bg4 10.dxe5 dxe5 11.Nd5 Nxd5 12.cxd5 Bxf3 13.Bxf3 e4 14.Bg2 Nd7 15.Rac1 Nf6
16.Qc2 Rad8 17.Qxc7 Rd7 18.Qc5 Qxc5 19.Rxc5 b6 20.Rb5 Rfd8 21.Rd1 Kf8 22.Rd4 g5
23.e3 Re7 24.Kf1 Re5 25.Ke1 Rd6 26.Rbb4 Nxd5 27.Ra4 f5 28.Rxa7 Re7 29.Ra8+ Kg7
30.Bf1 h5 31.a3 Kf6 32.Bc4 Ke5 33.Rb8 Ree6 34.h4 Rd7 35.b4 Rdd6 36.Kf1 Rd7
37.a4 Rdd6 38.a5 bxa5 39.bxa5 Re7 40.Rb5 Red7 41.a6  1-0

[Event "SCO-ch"]
[Site "Edinburgh"]
[Date "1999.07.18"]
[Round "3"]
[White "Orr, Mark J L"]
[Black "Buchanan, Walter F"]
[Result "0-1"]
[WhiteElo "2350"]
[BlackElo "2100"]

1.d4 e6 2.c4 Nf6 3.Nf3 Bb4+ 4.Bd2 Qe7 5.g3 O-O 6.Bg2 Bxd2+ 7.Qxd2 d6 8.O-O e5
9.Nc3 Re8 10.e4 Bg4 11.d5 Bxf3 12.Bxf3 Nbd7 13.b4 Rf8 14.a3 g6 15.Bd1 Kh8
16.Bc2 Nh5 17.Qe2 Qg5 18.Qe3 Qe7 19.Na4 f5 20.exf5 gxf5 21.Nc3 a6 22.Kh1 Qf7
23.f4 exf4 24.gxf4 Qf6 25.Qh3 Rae8 26.Rad1 Qh6 27.Rf3 Re7 28.Bxf5 Ndf6 29.Rdf1 Rfe8
30.Be6 Rg7 31.f5 Qg5 32.Ne2 Ng4 33.Rg1 Nf4 34.Nxf4 Nf2+  0-1

[Event "Dutch Open"]
[Site "Dieren"]
[Date "1999.07.20"]
[Round "1"]
[White "Hoeksema, Hendrik Pieter"]
[Black "Hendriks, Richard"]
[Result "1-0"]
[WhiteElo "2404"]
[BlackElo "2145"]

1.d4 Nf6 2.Nf3 e6 3.c4 Bb4+ 4.Bd2 Qe7 5.g3 Nc6 6.Nc3 O-O 7.Bg2 Bxc3 8.Bxc3 Ne4
9.Rc1 d6 10.O-O Nxc3 11.Rxc3 e5 12.d5 Nb8 13.e4 a5 14.Ra3 Bg4 15.Qd2 b6 16.Ne1 Na6
17.Nd3 f5 18.h3 fxe4 19.Nxe5 Qxe5 20.hxg4 Nc5 21.Re3 Rae8 22.Rfe1 Qg5 23.Qe2 Qf6
24.Qc2 Nd3 25.R1e2 Nc5 26.Bxe4 g6 27.Bxg6 Rxe3 28.Bxh7+ Kg7 29.Rxe3 Rh8 30.Bf5 Qh6
31.Qc3+ Kf7 32.Kf1 Rf8 33.Ke2 Kg8  1-0

[Event "Bydgoszcz Bank Pocztowy op"]
[Site "Bydgoszcz"]
[Date "1999.07.21"]
[Round "10"]
[White "Fiodorov, Mikhail"]
[Black "Rybak, T."]
[Result "0-1"]
[WhiteElo "2352"]
[BlackElo "2163"]

1.d4 Nf6 2.Nf3 e6 3.c4 Bb4+ 4.Bd2 Qe7 5.Nc3 O-O 6.e3 d6 7.Be2 e5 8.dxe5 dxe5
9.a3 Bxc3 10.Bxc3 e4 11.Nd2 Bf5 12.g4 Bg6 13.g5 Nfd7 14.h4 Ne5 15.Qb3 Nbd7
16.Qxb7 Nc5 17.Qd5 Ned3+ 18.Bxd3 Nxd3+ 19.Ke2 Rfd8 20.Qa5 Qd7 21.Rag1 Bh5+
22.Kf1 c5 23.Qb5 Qe6 24.Qb7 Rab8 25.Qxa7 Nxb2 26.Qxc5 Na4 27.Qa5 Nxc3 28.Qxc3 Bf3  0-1

[Event "Komercni Banka op"]
[Site "Pardubice"]
[Date "1999.07.22"]
[Round "7"]
[White "Dolinskij, Boris"]
[Black "Kutuzovic, Branko"]
[Result "1-0"]
[WhiteElo "2359"]
[BlackElo "2480"]

1.d4 Nf6 2.c4 e6 3.Nf3 Bb4+ 4.Bd2 Qe7 5.g3 Nc6 6.Bg2 Bxd2+ 7.Nbxd2 d6 8.O-O a5
9.e4 e5 10.d5 Nb8 11.Qc2 O-O 12.Ne1 Na6 13.Nd3 Nd7 14.a3 Ndc5 15.Nxc5 Nxc5
16.b4 Na6 17.Qc3 Bd7 18.Rfc1 axb4 19.axb4 c5 20.dxc6 bxc6 21.c5 dxc5 22.bxc5 Nc7
23.Nc4 f6 24.Nd6 g6 25.Qb3+ Ne6 26.Bh3 Kh8 27.Rxa8 Rxa8 28.Qb7 Ra4 29.Bxe6 Qxe6
30.Rb1 f5 31.Rd1 fxe4 32.Nxe4 Rd4 33.Re1 Kg7 34.Qc7 Rd5 35.h4 h6 36.Nc3 Rxc5
37.Rd1 Rd5 38.Nxd5 cxd5 39.Qc5 Bc6 40.Rb1 Be8 41.Rb6 Qg8 42.Qe7+  1-0

[Event "Komercni Banka op"]
[Site "Pardubice"]
[Date "1999.07.23"]
[Round "8"]
[White "Riazantsev, Alexander"]
[Black "Chloupek, Stanislav"]
[Result "1/2-1/2"]
[WhiteElo "2417"]
[BlackElo "2344"]

1.d4 Nf6 2.c4 e6 3.Nf3 Bb4+ 4.Bd2 Qe7 5.g3 Nc6 6.Bg2 Bxd2+ 7.Nbxd2 d6 8.O-O O-O
9.e4 e5 10.d5 Nb8 11.Ne1 a5 12.Nd3 Na6 13.a3 Nc5 14.Nxc5 dxc5 15.f4 Ne8 16.Qh5 Nf6
17.Qf3 a4 18.f5 Bd7 19.g4 Ne8 20.Qe3 f6 21.h4 Rb8 22.Rfc1 b6 23.Bf1 Nd6 24.Bd3 c6
25.Rc2 Rfc8 26.Rac1 Rc7 27.Kh1 Rbc8 28.dxc6 Bxc6 29.Nb1 Qf7 30.Rg2 Kh8 31.Nd2 Rd7
32.Rc3 Rcd8 33.Qe2 Nb7 34.Nf3 Na5 35.Bc2 Rd6 36.g5  1/2-1/2

[Event "Korinthos op 3rd"]
[Site "Korinthos"]
[Date "1999.07.25"]
[Round "2"]
[White "Novikov, Igor A"]
[Black "Koustas, Anastasios"]
[Result "1-0"]
[WhiteElo "2614"]
[BlackElo "2228"]

1.d4 Nf6 2.c4 e6 3.Nf3 Bb4+ 4.Bd2 Qe7 5.g3 Nc6 6.Nc3 Bxc3 7.Bxc3 Ne4 8.Qc2 Nxc3
9.Qxc3 O-O 10.Bg2 d6 11.O-O e5 12.d5 Nd8 13.c5 f5 14.Rac1 b6 15.cxd6 cxd6
16.Qe3 Bb7 17.Nd4 f4 18.Qe4 Qf6 19.Nb5 Nf7 20.Qa4 a6 21.Nc7 Rac8 22.Ne6 b5
23.Qa5 Rfe8 24.Qb6 fxg3 25.Qxb7 gxf2+ 26.Kh1 Rxc1 27.Rxc1 Nh6 28.Rf1 Ng4
29.Bh3 h5 30.Bxg4 hxg4 31.Rxf2 Qg6 32.Kg2 Kh7 33.Qf7 Qxf7 34.Rxf7 Rc8 35.Rc7  1-0

[Event "Hotel Agro IM B"]
[Site "Budapest"]
[Date "1999.08.02"]
[Round "4"]
[White "Tatai, Stefano"]
[Black "Jakab, Attila"]
[Result "1-0"]
[WhiteElo "2357"]
[BlackElo "2328"]

1.Nf3 e6 2.d4 Nf6 3.c4 Bb4+ 4.Bd2 Qe7 5.g3 Nc6 6.Bg2 O-O 7.O-O Bxd2 8.Nbxd2 d6
9.e4 e5 10.d5 Nb8 11.Ne1 Nfd7 12.b4 a5 13.a3 f5 14.exf5 Qg5 15.Ne4 Qxf5 16.Nc2 Nf6
17.Ne3 Qg6 18.Nxf6+ Qxf6 19.Qd2 Qh6 20.c5 Bh3 21.cxd6 Bxg2 22.Kxg2 cxd6 23.Rac1 axb4
24.axb4 Na6 25.Rc4 Rf7 26.Qe2 Raf8 27.Nd1 Qg6 28.Rg4 Qb1 29.Ne3 Qb3 30.Qc2 Qa3
31.Rh4 g6 32.Qd2 Nc7 33.Qe2 b5 34.Qd2 Qb3 35.Kg1 Rf3 36.Rg4 Ne8 37.Rh4 Nf6
38.Kg2 g5 39.Kxf3 gxh4 40.Kg2 Ra8 41.Nf5 Qxd5+ 42.Qxd5+ Nxd5 43.Nxd6 Nxb4
44.Nxb5 Nd3 45.Rd1 h3+ 46.Kf1 Nb4 47.Nc3 Nc6 48.Ne2 Kf7 49.Ng1 Ke6 50.Nxh3 h6
51.Rb1 Ra6 52.Rb7 Nd4 53.Kg2 Kf6 54.Rb2 Kf5 55.Ng1 e4 56.Ne2 Nxe2 57.Rxe2 Re6
58.Re3 h5 59.h4 Re5 60.Ra3 Kg6 61.Rc3 Kf6 62.Kf1 Kf5 63.Ke2 Kg4 64.Rc8 Kh3
65.Rg8 Kg2 66.Rg5 Re8 67.Ke3 Rf8 68.Rxh5 Rxf2 69.Rg5  1-0

[Event "Aceimar op 6th"]
[Site "Mondariz Balneario"]
[Date "1999.08.04"]
[Round "9"]
[White "Saldano, Horacio"]
[Black "Hernando, Antonio"]
[Result "1-0"]
[WhiteElo "2321"]
[BlackElo "2201"]

1.d4 Nf6 2.Nf3 e6 3.c4 Bb4+ 4.Bd2 a5 5.Nc3 O-O 6.Qc2 d5 7.e3 Nc6 8.Bd3 Bd6
9.a3 dxc4 10.Bxc4 e5 11.d5 Ne7 12.h3 c6 13.dxc6 Nxc6 14.O-O Qe7 15.Ng5 g6
16.Rae1 Bf5 17.e4 Nd4 18.Qd3 Be6 19.Nxe6 fxe6 20.Ne2 Bc5 21.Nxd4 Bxd4 22.Qb3 Kg7
23.Bxe6 Ra6 24.Bc4 Rb6 25.Qa4 Rxb2 26.Qxa5 b5 27.Bd3 Nd7 28.Re2 Nc5 29.Bb4 Rxf2
30.Rfxf2 Rxe2 31.Bxe2 Qh4 32.Qc7+ Kh6 33.Bd2+ g5 34.Qd6+ Kg7 35.Qf6+  1-0

[Event "Scandic Hotels CC (Women)"]
[Site "Stockholm"]
[Date "1999.08.04"]
[Round "5"]
[White "Tsiganova, Monika"]
[Black "Dubinka, Inna"]
[Result "1/2-1/2"]
[WhiteElo "2229"]
[BlackElo "2295"]

1.d4 Nf6 2.c4 e6 3.Nf3 Bb4+ 4.Bd2 a5 5.g3 d5 6.Bg2 O-O 7.Qc2 c6 8.O-O b6
9.b3 Ba6 10.Rd1 Nbd7 11.Bf4 Be7 12.Ne5 Nxe5 13.Bxe5 Rc8 14.Nd2 Ng4 15.Nf3 Nxe5
16.Nxe5 Bf6 17.Ng4 c5 18.Nxf6+ Qxf6 19.cxd5 cxd4 20.Qd2 e5 21.e4 Qd6 22.Rac1 Qb4
23.Qxb4 axb4 24.Rc6 Rxc6 25.dxc6 Rc8 26.Rc1 Rc7 27.Bf1 Bxf1 28.Kxf1 Kf8 29.Ke2 Ke7
30.Rc4 Kd6 31.Rxb4 Rxc6 32.Kd2 Kc7  1/2-1/2

[Event "MK Cafe Cup-B"]
[Site "Koszalin"]
[Date "1999.08.06"]
[Round "4"]
[White "Cmilyte, Viktorija"]
[Black "Hudziak, P."]
[Result "1-0"]
[WhiteElo "2354"]
[BlackElo "2191"]

1.d4 Nf6 2.c4 e6 3.Nf3 Bb4+ 4.Bd2 Qe7 5.Nc3 b6 6.a3 Bxc3 7.Bxc3 Bb7 8.g3 O-O
9.Bg2 d6 10.O-O Nbd7 11.b4 Ne4 12.Bb2 f5 13.Qc2 Ndf6 14.Ne1 Rae8 15.Nd3 h6
16.f3 Ng5 17.Rae1 g6 18.h4 Ngh7 19.Nf4 Qf7 20.d5 e5 21.Ne6 Rxe6 22.dxe6 Qxe6
23.Bc1 Kg7 24.e4 Nh5 25.exf5 gxf5 26.f4 e4 27.g4 Ng3 28.Qc3+  1-0

[Event "MK Cafe Cup-B"]
[Site "Koszalin"]
[Date "1999.08.06"]
[Round "4"]
[White "Evseev, Denis"]
[Black "Kozlowski, Waldemar"]
[Result "1/2-1/2"]
[WhiteElo "2539"]
[BlackElo "2352"]

1.d4 Nf6 2.c4 e6 3.Nf3 Bb4+ 4.Bd2 c5 5.Bxb4 cxb4 6.g3 O-O 7.Bg2 d6 8.O-O Re8
9.a3 Nc6 10.axb4 Nxb4 11.Nc3 Bd7 12.Ne1 Qc7 13.Qb3 a5 14.Nd3 Nxd3 15.exd3 Rab8
16.Rfc1 e5 17.d5 b6 18.Qa3 Rec8 19.b4 axb4 20.Qxb4 b5 21.cxb5 Rxb5 22.Qa3 Rc5  1/2-1/2

[Event "VISA Nordic GP fin"]
[Site "Gentofte"]
[Date "1999.08.11"]
[Round "5"]
[White "Olsen, Heini"]
[Black "Hansen, Torbjorn R"]
[Result "1/2-1/2"]
[WhiteElo "2292"]
[BlackElo "2259"]

1.d4 Nf6 2.Nf3 e6 3.c4 Bb4+ 4.Bd2 Qe7 5.g3 O-O 6.Nc3 d6 7.Bg2 e5 8.O-O Bg4
9.dxe5 dxe5 10.h3 Bd7 11.Qb3 a5 12.Bg5 Bxc3 13.Qxc3 Nc6 14.Rad1 Rad8 15.Qc2 h6
16.Be3 Be6 17.b3 Rxd1 18.Rxd1 Rd8 19.Rxd8+ Qxd8 20.Qd2 Qe7 21.Qb2 Nd7 22.Bd2 f6
23.Bc3 Qd6 24.Qd2 Qa3 25.Nh4 Qc5 26.Qd3 Nf8 27.Nf5 Kf7 28.Ne3 Nb4 29.Qd2 b6
30.a3 Na6 31.b4 axb4 32.axb4 Qe7 33.Nd5 Qd7 34.Qa2 Nb8 35.Qa7 c6 36.Qxb8 cxd5
37.cxd5 Bxd5 38.Qxb6 Bxg2 39.Kxg2 Qd5+ 40.Kh2 Qc4 41.Qa7+ Ke8 42.Qe3 Ne6
43.Kg2  1/2-1/2

[Event "Budapest FS08 IM"]
[Site "Budapest"]
[Date "1999.08.12"]
[Round "6"]
[White "Belichev, Nikolai"]
[Black "Marinkovic, Milan"]
[Result "0-1"]
[WhiteElo "2387"]
[BlackElo "2360"]

1.d4 Nf6 2.c4 e6 3.Nf3 Bb4+ 4.Bd2 Qe7 5.g3 b6 6.Bg2 Bb7 7.O-O Bxd2 8.Nbxd2 d6
9.Qc2 Nbd7 10.e4 e5 11.b4 O-O 12.d5 a5 13.a3 Ra7 14.Nb3 axb4 15.axb4 Rfa8
16.Rxa7 Rxa7 17.Nfd2 c6 18.dxc6 Bxc6 19.Re1 Nf8 20.Qc3 Ne6 21.f4 exf4 22.e5 Nd8
23.gxf4 Bxg2 24.Kxg2 dxe5 25.Qxe5 Qb7+ 26.Kg1 Ne6 27.Nd4 Ra2 28.N2f3 Nf8
29.Re2 Ra1+ 30.Kg2 Ng6 31.Qd6 h6 32.Kf2 Ne4+ 33.Rxe4 Qxe4 34.f5 Nf4 35.Kg3 Nh5+
36.Kh3 Ra3 37.Qc6 Rxf3+  0-1

[Event "Polanica Zdroj op"]
[Site "Polanica Zdroj"]
[Date "1999.08.23"]
[Round "7"]
[White "Czerwonski, Aleksander"]
[Black "Gajewski, Grzegorz"]
[Result "1-0"]
[WhiteElo "2426"]
[BlackElo "2127"]

1.d4 Nf6 2.c4 e6 3.Nf3 Bb4+ 4.Bd2 c5 5.Bxb4 cxb4 6.Qd3 d6 7.Nbd2 Nbd7 8.g3 O-O
9.Bg2 e5 10.O-O Re8 11.e4 exd4 12.Qxd4 Ne5 13.Nxe5 dxe5 14.Qe3 Be6 15.a3 Qe7
16.Rfc1 Nd7 17.c5 bxa3 18.Rxa3 Rec8 19.b4 b6 20.c6 Nb8 21.b5 Nd7 22.f4 f6
23.Nf3 exf4 24.gxf4 Nc5 25.Nd4 Rc7 26.e5 fxe5 27.Qxe5 Bf7 28.Qxe7 Rxe7 29.Nf5  1-0

[Event "Polanica Zdroj op"]
[Site "Polanica Zdroj"]
[Date "1999.08.25"]
[Round "9"]
[White "Kludacz, Magdalena"]
[Black "Fiodorov, Mikhail"]
[Result "1-0"]
[WhiteElo "2217"]
[BlackElo "2352"]

1.d4 Nf6 2.c4 e6 3.Nf3 Bb4+ 4.Bd2 a5 5.g3 d5 6.Qc2 Nc6 7.Bg2 dxc4 8.Qxc4 Qd5
9.Qxd5 exd5 10.O-O Bg4 11.Bxb4 axb4 12.e3 Bxf3 13.Bxf3 b3 14.a3 Ne4 15.Bxe4 dxe4
16.Nd2 f5 17.Nxb3 Na5 18.Nxa5 Rxa5 19.Rfc1 Kd7 20.Rc4 Rd5 21.Rac1 c6 22.Rc5 Ra8
23.Rxd5+ cxd5 24.Rc5 Kd6 25.h4 g6 26.Kf1 h6 27.Ke2 g5 28.Rc1 Rf8 29.hxg5 hxg5
30.Rh1 f4 31.Rh6+ Kc7 32.g4 fxe3 33.fxe3 Rf3 34.Rg6 Rg3 35.Rxg5 Rg2+ 36.Kf1 Rxb2
37.Rxd5 Rb3 38.Kf2 Rxa3 39.Re5 Ra8 40.Rxe4 b5 41.Re5 Rb8 42.Ke2 b4 43.Kd2 b3
44.Kc1 b2+ 45.Kb1 Kd6 46.g5  1-0

[Event "Polanica Zdroj op"]
[Site "Polanica Zdroj"]
[Date "1999.08.25"]
[Round "9"]
[White "Richter, Michael"]
[Black "Sulskis, Sarunas"]
[Result "1/2-1/2"]
[WhiteElo "2410"]
[BlackElo "2521"]

1.d4 Nf6 2.c4 e6 3.Nf3 Bb4+ 4.Bd2 c5 5.e3 Bxd2+ 6.Qxd2 b6 7.Nc3 Bb7 8.Be2 O-O
9.O-O d6 10.Rfd1 Qe7 11.dxc5 dxc5 12.Qd6 Qxd6 13.Rxd6 Nc6 14.Rad1 Rfd8 15.Nb5 a6
16.Rxd8+ Rxd8 17.Nd6 Nd4 18.exd4 Rxd6 19.dxc5 Rxd1+ 20.Bxd1 Bxf3 21.Bxf3 bxc5
22.Kf1 Kf8 23.Ke2 Ke7 24.Kd3 a5 25.a3 Kd6 26.h4 Nd7 27.Kc3 f5 28.Bd1 Ne5
29.g3 h6 30.f4 Nc6 31.g4 fxg4 32.Bxg4 e5 33.fxe5+ Nxe5 34.Be2 g5 35.hxg5 hxg5
36.b4 g4 37.bxa5 g3 38.Bf1 Kc7 39.Kd2 Nxc4+ 40.Ke2 Ne5 41.Ke3 Kb8 42.Bb5 Kb7
43.a4 Ka7 44.Ke2 c4 45.Bxc4 Nxc4 46.Kf3 Ka6 47.Kxg3 Kxa5 48.Kf4 Kxa4  1/2-1/2

[Event "Zuglo Hotel op 2nd"]
[Site "Budapest"]
[Date "1999.08.26"]
[Round "6"]
[White "Tokmachev, Mikhail"]
[Black "Eperjesi, Laszlo"]
[Result "0-1"]
[WhiteElo "2219"]
[BlackElo "2381"]

1.d4 Nf6 2.c4 e6 3.Nf3 Bb4+ 4.Bd2 a5 5.Nc3 b6 6.g3 Ba6 7.b3 d5 8.cxd5 exd5
9.a3 Bd6 10.Bg2 Nbd7 11.O-O O-O 12.Bf4 Bxf4 13.gxf4 c6 14.Qd2 Qe7 15.Rfc1 Rfd8
16.e3 Bb7 17.Qb2 b5 18.a4 b4 19.Ne2 c5 20.Rc2 Ne4 21.Rac1 Ba6 22.Ne1 c4 23.bxc4 dxc4
24.f3 c3 25.Qa1 Nd2  0-1

[Event "Zuglo Hotel op 2nd"]
[Site "Budapest"]
[Date "1999.08.29"]
[Round "9"]
[White "Dobrov, Vladimir"]
[Black "Eperjesi, Laszlo"]
[Result "1-0"]
[WhiteElo "2252"]
[BlackElo "2381"]

1.d4 Nf6 2.c4 e6 3.Nf3 Bb4+ 4.Bd2 c5 5.g3 Nc6 6.Bxb4 cxb4 7.d5 Ne7 8.dxe6 fxe6
9.Bg2 O-O 10.O-O d5 11.Nbd2 Nc6 12.cxd5 exd5 13.Nb3 Qb6 14.Rc1 Bg4 15.Nfd4 Rad8
16.h3 Bc8 17.Nxc6 bxc6 18.Qd4 Bd7 19.Rc5 Rde8 20.e3 Ne4 21.Rc2 Rf6 22.Nc5 Bf5
23.Bxe4 Bxe4 24.Rd2 Rf3 25.Rc1 Qb8 26.Kh2 h5 27.h4 Re7 28.Nxe4 Rxe4 29.Qc5 Rf6
30.Kg2 Qe5 31.Qxa7 Rg4 32.Rd4 Qf5 33.Rf4 Rxf4 34.exf4 Qe4+ 35.Kg1 Re6 36.Qc5 Kf7
37.Qb6 d4 38.Qxb4 d3 39.Qxe4 Rxe4 40.Rd1 Rd4 41.f3 c5 42.Kf2 Rb4 43.b3 c4
44.bxc4 Rxc4 45.Ke3 Ra4 46.Rd2 Ra3 47.Kd4 Ke6 48.Kc4 Kf5 49.Kb4 Ra6 50.a4 Rg6
51.Rxd3 Rxg3 52.a5 Rg1 53.Rd4 Rb1+ 54.Kc5 Ra1 55.Kb5 Ra3 56.a6  1-0

[Event "KGSRL Masters 2nd"]
[Site "Gent"]
[Date "1999.09.04"]
[Round "1"]
[White "Goormachtigh, Johan"]
[Black "Vanderstricht, Geert"]
[Result "1/2-1/2"]
[WhiteElo "2274"]
[BlackElo "2347"]

1.d4 Nf6 2.Nf3 e6 3.c4 Bb4+ 4.Bd2 Qe7 5.g3 Nc6 6.Nc3 Bxc3 7.Bxc3 Ne4 8.Rc1 O-O
9.Bg2 d6 10.O-O Nxc3 11.Rxc3 e5 12.d5 Nb8 13.b4 Bg4 14.Qc2 a5 15.a3 Na6 16.Rb1 axb4
17.axb4 f5 18.Ne1 g5 19.e4 f4 20.f3 Bd7 21.g4 h5 22.h3 hxg4 23.hxg4 c5 24.bxc5 Nxc5
25.Nd3 Ba4 26.Qb2 Nxd3 27.Rxd3 Qc7 28.Rc3 Qc5+ 29.Qf2 Qd4 30.Rcc1 Rfc8 31.Bf1 Qxf2+
32.Kxf2 Be8 33.Rxb7 Ra2+ 34.Ke1 Rca8 35.Rcb1 Kf8 36.R7b2 Rxb2 37.Rxb2 Ra1+
38.Kf2 Rc1 39.Bd3 Ba4 40.Rb8+ Ke7 41.Ke2 Ra1 42.Rb2 Bd1+ 43.Kf2 Ra3 44.Be2 Bxe2
45.Kxe2 Re3+ 46.Kf2 Rc3 47.Rb7+ Ke8 48.Rg7 Rxc4 49.Rxg5 Rc2+ 50.Ke1 Rc3 51.Ke2 Rc2+
52.Kf1 Rc1+ 53.Kf2 Rc2+ 54.Kg1 Rc1+ 55.Kg2 Rc2+ 56.Kg1 Rc1+ 57.Kg2 Rc2+  1/2-1/2

[Event "Budapest FS09 IM-A"]
[Site "Budapest"]
[Date "1999.09.10"]
[Round "7"]
[White "Soln, Primoz"]
[Black "Eperjesi, Laszlo"]
[Result "1/2-1/2"]
[WhiteElo "2411"]
[BlackElo "2381"]

1.d4 Nf6 2.c4 e6 3.Nf3 Bb4+ 4.Bd2 a5 5.Nc3 b6 6.Bg5 Bb7 7.e3 h6 8.Bh4 Be7
9.Bd3 Nh5 10.Bg3 d6 11.d5 Nxg3 12.hxg3 e5 13.Qa4+ Qd7 14.Qc2 Na6 15.Bf5 Qd8
16.Qa4+ Kf8 17.Nd2 g6 18.Bh3 Kg7 19.O-O-O Nb4 20.Kb1 c6 21.e4  1/2-1/2

[Event "POR-ch"]
[Site "Lisbon"]
[Date "1999.09.10"]
[Round "3"]
[White "Reis, Luis Sousa"]
[Black "Paulino, Jose"]
[Result "1-0"]
[WhiteElo "2249"]
[BlackElo "2129"]

1.d4 Nf6 2.Nf3 e6 3.c4 Bb4+ 4.Bd2 Bxd2+ 5.Nfxd2 d5 6.Nc3 O-O 7.e3 Nbd7 8.cxd5 exd5
9.b4 a6 10.Bd3 Re8 11.O-O Nf8 12.a4 c6 13.b5 axb5 14.axb5 Rxa1 15.Qxa1 Ng4
16.Nf3 Qf6 17.bxc6 bxc6 18.Qa4 Re6 19.Rb1 Qh6 20.Rb8 Rxe3 21.Rxc8 Rxf3 22.Rxf8+ Kxf8
23.Qa8+ Ke7 24.Qb7+ Kd6 25.Qb8+ Kd7 26.gxf3 Qc1+ 27.Bf1 Ne3 28.Qb7+ Kd6 29.Qb4+ Kc7
30.Qe7+  1-0

[Event "CRO-chT"]
[Site "Pula"]
[Date "1999.09.16"]
[Round "7"]
[White "Gyimesi, Zoltan"]
[Black "Hulak, Krunoslav"]
[Result "1/2-1/2"]
[WhiteElo "2531"]
[BlackElo "2493"]

1.d4 Nf6 2.c4 e6 3.Nf3 Bb4+ 4.Bd2 Qe7 5.g3 Nc6 6.Nc3 Bxc3 7.Bxc3 Ne4 8.Qc2 Nxc3
9.Qxc3 Qb4 10.Qxb4 Nxb4 11.Kd2 c5 12.Bg2 d6 13.dxc5 dxc5 14.Ne5 a5 15.a3 Na6
16.Nd3 Rb8 17.Rhb1 Kd8 18.b4 cxb4 19.axb4 axb4 20.Nxb4 Nxb4 21.Rxb4 Kc7 22.c5 Bd7
23.Rb6 Rhc8 24.Kc3 Kd8 25.Ra5 Rc7 26.Kc4 Kc8 27.Ra7 h5 28.f4 g6 29.Be4 Be8
30.Kd4 Bd7 31.Ke5 Rxc5+ 32.Kd6 Rc7 33.Raxb7 Rcxb7 34.Rxb7 Rxb7 35.Bxb7+ Kd8
36.e4 Bb5 37.h4 Bd3 38.Bc6 Bc2 39.e5 Bd3 40.Ba4 Be4  1/2-1/2

[Event "Wch U20"]
[Site "Yerevan"]
[Date "1999.09.19"]
[Round "2"]
[White "Pert, Nicholas"]
[Black "Kuemin, Simon"]
[Result "1/2-1/2"]
[WhiteElo "2425"]
[BlackElo "2251"]

1.d4 Nf6 2.Nf3 e6 3.c4 Bb4+ 4.Bd2 Qe7 5.g3 Nc6 6.Bg2 Bxd2+ 7.Nbxd2 d6 8.O-O O-O
9.e4 e5 10.d5 Nb8 11.Ne1 a5 12.Nd3 Na6 13.Qc2 Bd7 14.Qc3 Nc5 15.Nxc5 dxc5
16.f4 Rfe8 17.Rae1 Bc8 18.Nb3 b6 19.Nc1 Nd7 20.Nd3 f6 21.Bh3 Nf8 22.Bxc8 Raxc8
23.fxe5 fxe5 24.Rf5 Nd7 25.Ref1 g6 26.R5f2 Rf8 27.Qd2 Rxf2 28.Rxf2 Rf8 29.Rxf8+ Kxf8
30.Qh6+ Kg8 31.Qh3 Nf6 32.Qh4 Kg7 33.Nf2 Qd6 34.Kg2 Ne8 35.Ng4 h5 36.Nf2 Qf6
37.Qh3 Nd6 38.b3 Qe7 39.Kf3 a4 40.Qf1 Qf8+ 41.Kg2 axb3 42.axb3 Qa8 43.Qb1 Qa3
44.Nd3 Nf7 45.h4 Kg8 46.Qb2 Qxb2+ 47.Nxb2 Kg7 48.Kf3  1/2-1/2

[Event "Najdorf mem op"]
[Site "Buenos Aires"]
[Date "1999.09.21"]
[Round "1"]
[White "Slipak, Sergio"]
[Black "Bielicki, Carlos"]
[Result "1/2-1/2"]
[WhiteElo "2521"]
[BlackElo "2283"]

1.d4 Nf6 2.c4 e6 3.Nf3 Bb4+ 4.Bd2 a5 5.Nc3 d5 6.e3 O-O 7.Bd3 Nc6 8.O-O Re8
9.a3 Bd6 10.Qc2 h6 11.cxd5 exd5 12.h3 Be6 13.Nb5 Ne4 14.Nxd6 Qxd6 15.Bc3 Bd7
16.Ne5 Nxe5 17.dxe5 Qc6 18.Rac1 Nxc3 19.Qxc3 Qxc3 20.Rxc3 c6 21.f4 Re7 22.Rd1 f6
23.exf6 gxf6 24.Kf2 Kf7 25.g4 f5 26.Rg1 Kf6 27.Rg3  1/2-1/2

[Event "Wch U20"]
[Site "Yerevan"]
[Date "1999.09.21"]
[Round "4"]
[White "Leskiewicz, Maksymilian"]
[Black "Hansen, Torbjorn R"]
[Result "1/2-1/2"]
[WhiteElo "2206"]
[BlackElo "2259"]

1.d4 Nf6 2.c4 e6 3.Nf3 Bb4+ 4.Bd2 Qe7 5.g3 O-O 6.Bg2 Bxd2+ 7.Nbxd2 d6 8.e4 e5
9.d5 a5 10.O-O Bg4 11.Qc2 Bxf3  1/2-1/2

[Event "Wch U20"]
[Site "Yerevan"]
[Date "1999.09.22"]
[Round "5"]
[White "Halkias, Stelios"]
[Black "Mchedlishvili, Mikheil"]
[Result "1-0"]
[WhiteElo "2406"]
[BlackElo "2441"]

1.d4 Nf6 2.c4 e6 3.Nf3 Bb4+ 4.Bd2 Be7 5.Nc3 d5 6.Bg5 Nbd7 7.e3 O-O 8.Bd3 c6
9.O-O h6 10.Bh4 dxc4 11.Bxc4 Nd5 12.Bg3 Nxc3 13.bxc3 b6 14.e4 Bb7 15.Re1 Nf6
16.Qc2 Re8 17.Rad1 Qc8 18.a4 Nd7 19.Ba2 b5 20.Bb1 a6 21.d5 Nf8 22.d6 Bd8
23.Ne5 Nd7 24.Nxf7 Kxf7 25.e5 Nf8 26.d7 Nxd7 27.Qg6+ Kf8 28.Qh7 Bb6 29.Bg6  1-0